Normal view
MARC view
Entry Personal Name
001 - CONTROL NUMBER
- control field: 3539
003 - CONTROL NUMBER IDENTIFIER
- control field: ARRUPE
005 - DATE AND TIME OF LATEST TRANSACTION
- control field: 20131111142505.0
008 - FIXED-LENGTH DATA ELEMENTS
- fixed length control field: 131111|| aca||aabn | a|a d
040 ## - CATALOGING SOURCE
- Original cataloging agency: ARRUPE
- Transcribing agency: ARRUPE
100 ## - HEADING--PERSONAL NAME
- Personal name: Irenaeus,
- Titles and other words associated with a name: Saint, Bishop of Lyon
- General subdivision: Contributions in Christology.
670 ## - SOURCE DATA FOUND
- Source citation: Work cat.: (ARRUPE)0: Sesboüé, Bernard, 1929- 3538, Tout récapituler dans le Christ :, c2000.